[Event "EIWCC 2017"]
[Site "Riga"]
[Date "2017.04.16"]
[Round "6"]
[White "Dzagnidze, Nana"]
[Black "Atalik, Ekaterina"]
[Result "1-0"]
[WhiteElo "2528"]
[BlackElo "2429"]
[Annotator "TA"]
[PlyCount "87"]
[EventDate "2017.??.??"]
[EventType "swiss"]
[EventCountry "LAT"]
[SourceTitle "playchess.com"]
[Source "ChessBase"]
[SourceQuality "1"]

{[%evp 5,87,-36,-29,-31,-32,-22,-26,-18,-18,-19,-23,-27,0,-14,0,-10,0,-17,0,0,5,0,0,0,0,0,11,0,0,-19,-14,-11,0,0,17,0,75,65,68,58,73,51,92,98,97,97,90,84,166,168,193,169,250,255,334,231,303,297,330,322,315,316,395,250,400,272,364,419,384,419,394,383,404,418,383,368,402,377,486,503,598,581,556,556]} 1. Nf3 d5 2. c4 e6 3. b3 d4 4. e3 {A13: English Opening: 1...e6} c5 5. exd4 cxd4 (5... Nc6 $6 6. dxc5 e5 7. Bb2 $16) 6. g3 {Black has an edge.} Nc6 7. Bg2 Nf6 8. O-O {[%cal Bh1f1,Bf1e1,Be1e5,Be5b5][%mdl 32]} Be7 9. Re1 (9. d3 O-O 10. Re1 Ne8 11. a3 a5 12. Nbd2 f6 13. Rb1 e5 14. Nh4 Nc7 15. Qh5 Qe8 16. Qxe8 Rxe8 {½-½ (132) Topalov,V (2761)-Nakamura,H (2787) Leuven 2016}) 9... O-O 10. Ba3 Re8 11. d3 a5 $146 (11... Bxa3 12. Nxa3 e5 13. c5 Nd5 14. Qd2 f6 15. Nb5 Be6 {½-½ (41) Sommerbauer,N (2444)-Szabo,K (2541) Austria 2013}) 12. Bxe7 Rxe7 13. Ne5 Nxe5 14. Rxe5 Qc7 15. Rb5 Ra7 16. b4 axb4 17. Nd2 e5 18. Rxb4 h6 19. a4 Nd7 20. Rab1 Nc5 (20... Re6 $11 {keeps the balance.}) 21. Ne4 $16 Nxe4 22. Bxe4 g6 23. Qf3 f5 24. Bd5+ Kg7 25. h4 h5 26. Qd1 Qd7 (26... Ra6 $16) 27. Rb5 f4 {[#]} 28. a5 $1 Qh3 (28... fxg3 {was called for.} 29. fxg3 Re8) 29. Bg2 $18 Qg4 30. Bf3 Qh3 {[#]} 31. Qe1 $1 e4 32. Bg2 (32. dxe4 fxg3 33. fxg3 Kh7 $18) 32... Qd7 33. Bxe4 Qc7 34. f3 {[%cal Bf2f3,Bf3e4][%mdl 32]} fxg3 (34... Bf5 $142 35. Qf2 Bxe4 36. Qxd4+ (36. dxe4 Qxc4 37. R1b4 fxg3 38. Qxd4+ Qxd4+ 39. Rxd4 Kf6 $18) 36... Kh7 37. fxe4 Rxa5 38. Rxb7 Qxb7 39. Rxb7 Rxb7) 35. Kg2 Bd7 36. Rg5 ({Worse is} 36. Qxg3 Qxg3+ 37. Kxg3 Bxb5 38. Rxb5 Rf7 $11) 36... Bf5 37. Rb5 ({Weaker is} 37. Qxg3 Rxa5 38. Bxf5 (38. Rxg6+ Bxg6 39. Qxg6+ Kh8 40. Qf6+ Rg7+ 41. Kf1 Qe7 42. Qxe7 Rxe7 $11) 38... Qxg3+ 39. Kxg3 Rxf5 40. Rxf5 gxf5 $18) 37... Bxe4 38. fxe4 Qf4 39. Qxg3 Qd2+ 40. Qf2 ({Not} 40. Kh3 Ra6 41. Rge5 Rd7 $18) 40... Qxf2+ 41. Kxf2 Ra6 42. Rb6 {White is clearly winning.} Rxb6 43. axb6 Re6 44. c5 1-0

[Event "EIWCC 2017"]
[Site "Riga"]
[Date "2017.04.16"]
[Round "6"]
[White "Batsiashvili, Nino"]
[Black "Nechaeva, Marina"]
[Result "1/2-1/2"]
[WhiteElo "2496"]
[BlackElo "2395"]
[Annotator "TA"]
[PlyCount "88"]
[EventDate "2017.??.??"]
[EventType "swiss"]
[EventCountry "LAT"]
[SourceTitle "playchess.com"]
[Source "ChessBase"]
[SourceQuality "1"]

{[%evp 23,88,18,37,37,36,25,22,13,65,27,54,43,60,37,59,47,33,31,35,31,34,30,25,27,31,0,68,22,24,0,20,20,17,0,0,0,0,0,0,0,0,0,0,-17,14,0,29,29,24,0,0,0,0,0,29,33,15,-8,-8,-8,-8,-8,-8,-8,-8,-8,0]} 1. d4 d5 2. c4 c6 3. Nc3 Nf6 4. e3 e6 5. Nf3 Nbd7 6. Qc2 b6 7. Bd3 Bb7 8. O-O Be7 9. b3 O-O 10. Bb2 h6 {D46: Semi-Slav: 5 e3 Nbd7 6 Bd3, Black avoids the Meran} (10... Qc7 11. Rfd1 Rfd8 12. Rac1 Rac8 13. Qe2 Qb8 14. e4 dxe4 15. Nxe4 c5 16. Neg5 cxd4 17. Nxf7 Kxf7 18. Ng5+ {1-0 (81) Fressinet,L (2687)-Le,Q (2718) Almaty 2016}) 11. Rac1 Rc8 12. Qe2 Qc7 {LiveBook: 6 Games} 13. cxd5 exd5 14. Nh4 $146 (14. Rfd1 Rfe8 15. Bf5 Rcd8 16. Ne5 Qb8 17. f4 Bb4 18. Qf3 Bxc3 19. Bxc3 Nxe5 20. dxe5 {1-0 (27) Schandorff,L (2524)-Friedrich,N (2319) Porto Mannu 2014}) 14... Rfe8 15. f4 Qb8 (15... Bb4 $11) 16. Nf3 c5 17. Ne5 cxd4 18. exd4 Bb4 19. Bf5 Rc7 20. Qb5 Bxc3 21. Rxc3 Rxc3 22. Bxc3 Nf8 ({Don't play} 22... Nxe5 $6 23. fxe5 (23. dxe5 Ne4 24. Bd4 Rd8 $16) 23... Ne4 24. Bxe4 dxe4 25. Qd7 $16) 23. Bb2 Ne6 24. a4 Rd8 (24... Qd6 $11) 25. Qd3 {aiming for Bxe6.} Qd6 26. g4 {[%cal Bg2g4,Bg4g5][%mdl 32]} Ne4 27. g5 $1 Nf8 28. Qe3 Bc8 29. Qh3 Bxf5 $1 30. Qxf5 f6 31. gxf6 Qxf6 32. Qxf6 gxf6 33. Ng4 Rc8 34. Ne3 Nd2 35. Rf2 ({Wrong is} 35. Nxd5 $2 Rc2 36. Rf2 Rxb2 $19) 35... Nxb3 36. Nxd5 Kf7 37. Ne3 Ne6 38. d5 Nec5 39. Nf5 $36 {[%mdl 2048] [#] And now Nd6+ would win. White has some pressure.} Rd8 40. Nxh6+ {The position is equal.} Kg6 41. Ng4 Rxd5 42. Nxf6 Rd1+ 43. Rf1 $1 {[%cal Rf1d1]} Rxf1+ 44. Kxf1 Nd3 (44... Nxa4 $5 45. Be5 $8 a5 $15) 1/2-1/2

[Event "EIWCC 2017"]
[Site "Riga"]
[Date "2017.04.16"]
[Round "6"]
[White "Girya, Olga"]
[Black "Tsolakidou, Stavroula"]
[Result "1-0"]
[WhiteElo "2470"]
[BlackElo "2395"]
[Annotator "TA"]
[PlyCount "81"]
[EventDate "2017.??.??"]
[EventType "swiss"]
[EventCountry "LAT"]
[SourceTitle "playchess.com"]
[Source "ChessBase"]
[SourceQuality "1"]

{[%evp 11,81,40,39,37,39,29,52,45,48,30,52,42,43,29,77,84,108,32,32,42,35,27,45,32,39,14,47,44,117,88,139,177,174,160,254,254,241,281,293,276,286,287,295,286,289,287,327,304,292,268,267,260,267,266,268,275,563,550,511,503,839,813,891,946,946,943,872,930,875,915,1233,927]} 1. d4 Nf6 2. c4 e6 3. Nc3 Bb4 4. Qc2 Nc6 5. Nf3 d6 6. Bd2 e5 7. a3 {E33: Nimzo-Indian: Classical: 4...Nc6} Bxc3 8. Bxc3 {[%cal Rd4e5]} ({Much worse is} 8. Qxc3 Ne4 9. Qe3 Nxd2 10. Qxd2 Bg4 $15) 8... Qe7 9. d5 {White is slightly better.} Nb8 10. g3 a5 11. b3 a4 $146 (11... O-O 12. Bg2 Ng4 13. h3 Nh6 14. Bd2 e4 {0-1 (35) Nezad,H (2393)-Kotronias,V (2589) Istanbul 2012}) 12. b4 b5 13. Bg2 bxc4 14. Nd2 (14. Nxe5 $1 $16 dxe5 15. d6 $1 {[%mdl 512]} cxd6 16. Bxa8) 14... Bb7 $14 15. e4 {[%cal Be2e4,Be4d5][%mdl 32]} c6 {[%cal Rc6d5]} 16. Nxc4 O-O 17. Ne3 cxd5 18. exd5 Ba6 19. Qxa4 Qb7 (19... Rc8 $14 20. Qb3 Bb5) 20. Qc2 $16 Nbd7 {[#]} ({Better is} 20... Bb5) 21. a4 $1 Rfc8 22. Rc1 $36 {[%mdl 2048] White is on the roll.} Qc7 (22... Qb8 $16 {was worth a try.} 23. Qd2 (23. b5 Bb7 $16) 23... Nb6) 23. b5 $18 Bb7 24. O-O Nb6 25. Qd2 Rxa4 {[#]} 26. Bxe5 $1 {[%mdl 512]} Qd8 (26... dxe5 27. Rxc7) 27. Rxc8 Bxc8 28. Bd4 Bd7 29. Rb1 Ne8 30. Be4 Ra8 31. Qd3 h6 32. Nc2 Nf6 33. Bg2 Nc8 $2 (33... Qc8 {keeps fighting.} 34. Ne3 (34. Bxb6 Bf5 35. Qd2 Qxc2 36. Qxc2 Bxc2 $18) 34... Qc7 35. Bxf6 gxf6) 34. b6 {[%cal Bb5b6,Bb6b7][%mdl 32] White is clearly winning.} Rb8 35. b7 Ne7 (35... Ne8 $142 36. Ne3 Qc7 37. bxc8=N Qxc8) 36. Ba7 Bf5 37. Qc4 Nd7 38. Bxb8 Qxb8 39. Rb2 Nc5 40. Nd4 Bd3 41. Qb4 1-0

[Event "EIWCC 2017"]
[Site "Riga"]
[Date "2017.04.16"]
[Round "6"]
[White "Hoang, Thanh Trang"]
[Black "Michna, Marta"]
[Result "1-0"]
[WhiteElo "2459"]
[BlackElo "2389"]
[Annotator "TA"]
[PlyCount "51"]
[EventDate "2017.??.??"]
[EventType "swiss"]
[EventCountry "LAT"]
[SourceTitle "playchess.com"]
[Source "ChessBase"]
[SourceQuality "1"]

{[%evp 19,51,22,41,19,0,0,0,0,0,0,-8,-4,0,-12,0,0,25,-41,-36,-56,-48,-71,367,362,366,350,352,337,359,360,352,349,645,625]} 1. d4 d6 2. e4 Nf6 3. Nc3 e5 4. Nf3 Nbd7 5. Bc4 Be7 6. O-O O-O 7. Re1 a6 8. a4 b6 9. Bg5 Bb7 10. Qd2 c6 11. dxe5 {C41: Philidor Defence} (11. Rad1 $5 {is interesting.} b5 12. axb5 axb5 13. Bb3 Bc8 14. h3) (11. Bb3 Re8 12. Rad1 Qc7 13. Bxf6 Nxf6 14. d5 cxd5 15. Nxd5 Nxd5 16. Bxd5 Bxd5 17. Qxd5 Qxc2 18. Rc1 Qxa4 {½-½ (36) So,W (2641)-Al Sayed,M (2496) Subic Bay 2009}) 11... Nxe5 12. Bb3 $146 (12. Be2 b5 13. b4 h6 14. Bf4 Ng6 15. Bg3 d5 16. e5 Ne4 17. Nxe4 dxe4 18. Nd4 Qd5 {0-1 (46) Simonyan,L (1799)-Tiraturyan,D (2201) Yerevan 2014}) 12... Nxf3+ 13. gxf3 {The position is equal.} Nd7 14. Bxe7 Qxe7 15. Rad1 Ne5 16. Qe3 Qh4 {Threatens to win with ...Qh3.} 17. Kg2 Ng6 18. Ne2 {[#]} ({Better is} 18. Rxd6 $11 b5 19. Kh1) 18... d5 $1 $15 {[%mdl 512]} 19. Kh1 ({Don't take} 19. exd5 $2 Rae8 20. Qxb6 Qh5 $19) 19... Rae8 20. Qxb6 Rxe4 $2 {[%mdl 8192]} (20... Bc8 $17) 21. fxe4 $18 ({Stronger than} 21. Qxb7 Qxf2 22. fxe4 Qf3+ 23. Kg1 Qe3+ 24. Kh1 Qf3+ 25. Kg1 Qe3+ 26. Kh1 Qf3+ $11) 21... Qxe4+ {[#]} 22. f3 $1 {[%cal Rf3e4]} Qxf3+ 23. Kg1 Nh4 {[%csl Gh4][%cal Rf3g2]} 24. Qf2 Qg4+ 25. Qg3 Qe4 $2 (25... Nf3+ 26. Kf2 Qxg3+ 27. hxg3 Nxe1 28. Kxe1 (28. Rxe1 Rb8 29. Nf4 Kf8 $18) 28... g6) 26. Nd4 1-0

[Event "EIWCC 2017"]
[Site "Riga"]
[Date "2017.04.16"]
[Round "6"]
[White "Paehtz, Elisabeth"]
[Black "Zimina, Olga"]
[Result "1/2-1/2"]
[WhiteElo "2454"]
[BlackElo "2395"]
[Annotator "TA"]
[PlyCount "83"]
[EventDate "2017.??.??"]
[EventType "swiss"]
[EventCountry "LAT"]
[SourceTitle "playchess.com"]
[Source "ChessBase"]
[SourceQuality "1"]

{[%evp 13,83,43,41,56,52,51,62,56,60,58,61,25,47,40,42,26,29,13,42,0,0,0,-4,-11,-5,-22,0,0,58,65,102,91,137,0,0,0,25,40,118,101,110,92,137,164,220,142,135,66,49,24,32,31,31,15,43,24,46,19,36,0,0,0,0,0,0,0,0,0,0,0,0,0]} 1. d4 Nf6 2. c4 g6 3. Nc3 Bg7 4. e4 d6 5. Be2 O-O 6. Be3 e5 7. d5 c6 {LiveBook: 19 Games} 8. h4 {[%cal Bh2h4,Bh4h5,Bh5h6][%mdl 32] E73: King's Indian: Averbakh Variation without 6...c5} cxd5 9. cxd5 Qa5 10. Qd2 {White is slightly better.} Nbd7 11. h5 Nc5 {[#] Strongly threatening ...Nb3!} 12. h6 $146 (12. Rc1 Bd7 13. hxg6 fxg6 14. f3 Rac8 15. Nh3 Bxh3 16. Rxh3 {1-0 (56) Whitehead,J (2420)-Paunovic,D (2465) New York 1987}) 12... Bh8 {Threatening ...Nb3!} 13. Rb1 Qd8 14. f3 Nh5 15. b4 Na6 16. Bxa6 bxa6 17. Nge2 $36 {[%mdl 2048] White has good play.} f5 18. exf5 Bxf5 19. Rb3 {[%cal Bb1b3,Bb3g3,Bg3f3][%mdl 32] [#] Threatens to win with g4.} Nf4 20. O-O g5 (20... Rc8 $11) 21. Ne4 Bxe4 22. fxe4 Qf6 23. Bxf4 ({White should try} 23. Ng3 $16) 23... exf4 $11 24. Rg3 Qxh6 25. Rxf4 $1 Bf6 (25... Rxf4 $14 26. Qxf4 (26. Nxf4 Qh4 27. Ne2 Bf6 $11) 26... Bf6) 26. Rf5 $16 Kh8 27. Nd4 {Black must now prevent Ne6.} ({Worse is} 27. Rgxg5 Bxg5 28. Rxg5 Rf6 $17) 27... Qh4 28. Rgf3 g4 (28... Bg7 {keeps fighting.}) 29. R3f4 {And now Ne6 would win.} Rac8 {White should prevent ...Rc1+.} 30. Nc6 (30. Ne6 $16 Rf7 31. a4) 30... Bg7 $1 $14 31. Rxf8+ Rxf8 32. Rxf8+ Bxf8 33. Qf2 {[%cal Rf2f8]} (33. Nxa7 g3 34. Qe3 Kg8 $11) 33... Qh6 $1 34. g3 Qc1+ 35. Kg2 {[%cal Rf2f8]} Bg7 36. Qe2 h5 {The position is equal.} 37. a4 Kh7 38. Qf2 Kh8 39. Qe2 Qa1 40. b5 axb5 41. axb5 Bd4 42. Nxd4 1/2-1/2

[Event "EIWCC 2017"]
[Site "Riga"]
[Date "2017.04.16"]
[Round "6"]
[White "Goryachkina, Aleksandra"]
[Black "Lagno, Kateryna"]
[Result "1/2-1/2"]
[WhiteElo "2452"]
[BlackElo "2543"]
[Annotator "TA"]
[PlyCount "125"]
[EventDate "2017.??.??"]
[EventType "swiss"]
[EventCountry "LAT"]
[SourceTitle "playchess.com"]
[Source "ChessBase"]
[SourceQuality "1"]

{[%evp 15,125,45,47,36,31,39,47,47,55,43,48,49,59,54,60,46,49,46,123,112,117,111,126,126,120,112,120,121,116,121,120,115,112,113,169,81,154,36,34,69,75,62,129,126,356,365,383,365,503,499,486,59,59,59,59,59,59,59,59,59,59,56,59,59,59,51,51,51,51,51,59,59,59,51,51,51,59,51,59,51,51,44,44,44,44,44,52,44,44,44,44,44,44,44,44,44,44,44,44,44,44,44,44,44,44,44,45,44,44,31,47,0]} 1. d4 d6 2. e4 Nf6 3. Nc3 g6 4. f4 Bg7 5. Nf3 O-O 6. Bd3 Na6 7. O-O c5 8. d5 Bg4 9. Qe2 {B09: Pirc Defence: Austrian Attack} (9. Bc4 Nc7 10. h3 Bxf3 11. Qxf3 Nd7 12. a4 a6 13. Qd3 Nb6 14. Bb3 Rc8 15. Nd1 e6 16. dxe6 Nxe6 17. Bxe6 fxe6 18. Nf2 c4 19. Qd1 Qc7 20. c3 Nd7 {½-½ (40) Yu,Y (2738)-Mamedyarov,S (2750) China 2016}) 9... Nc7 10. a4 e6 {[%cal Re6d5]} 11. h3 Bxf3 12. Qxf3 (12. Rxf3 exd5 13. exd5 (13. e5 $2 dxe5 14. fxe5 Nd7 $19) 13... Nfxd5 14. Nxd5 Nxd5 $17) 12... exd5 13. exd5 Nd7 14. Bd2 f5 $146 (14... a6 15. Rae1 Rb8 16. a5 b5 {½-½ (35) Baron Rodriguez,J (2380)-Dias,P (2180) San Agustin 1997}) 15. Rae1 a6 16. b3 b6 (16... Qh4 $14) 17. Kh1 Rb8 18. g4 $1 fxg4 19. Qxg4 b5 20. axb5 axb5 21. Ne4 Nf6 22. Nxf6+ Qxf6 23. f5 {[%cal Rf5g6]} Qd4 24. Qg2 Kh8 (24... Qxd5 $2 25. Be4 (25. fxg6 Qxg2+ 26. Kxg2 hxg6 $16) 25... Qe5 26. Bf4 $18 (26. fxg6 Rxf1+ 27. Rxf1 Kh8 28. gxh7 d5 $16)) (24... c4 $2 25. bxc4 (25. Re4 Qxd5 26. bxc4 Qa8 27. fxg6 bxc4 $18) 25... bxc4 26. Rf4 $18) (24... Nxd5 $16 25. Re4 (25. fxg6 Rxf1+ 26. Qxf1 hxg6 $16) 25... Qb2) 25. fxg6 (25. Re7 $1 $18 {[%cal Re7c7]} Nxd5 26. Re4) 25... c4 (25... Rxf1+ $142 26. Rxf1 Nxd5) 26. Be4 ({White should play} 26. Re4 $16 Rxf1+ 27. Bxf1) 26... Rxf1+ $14 27. Rxf1 {Threatens to win with c3.} Re8 28. Bf3 {And now Ba5 would win.} hxg6 {[#]} ({Black should try} 28... cxb3 $14 29. cxb3 Rf8) 29. Ba5 $1 $16 {[%cal Ra5c7]} Qa7 $2 (29... cxb3 $16 30. cxb3 (30. Bxc7 Qc3 $16) (30. Qxg6 Qh4 31. Bg4 b2 $11) 30... Na6 31. Qxg6 Rf8) 30. Bb4 $18 ({Worse is} 30. Qxg6 Qxa5 31. Be4 {[#]} Rxe4 $1 {[%mdl 512]} 32. Qh5+ Kg8 33. Qf7+ Kh8 34. Qh5+ Kg8 35. Qf7+ Kh8 36. Qh5+ $11) 30... cxb3 31. cxb3 Qd4 32. Bxd6 Nxd5 33. Rd1 $2 ({Less strong is} 33. Qxg6 Nf6 $18) (33. Bxd5 $18 Re2 34. Qg5) 33... Nf4 $14 {...Qxd1+! is the strong threat.White is slightly better.} 34. Qg4 Qf6 $1 35. Bxf4 {Strongly threatening Bg5.} Rf8 36. Be4 Qxf4 37. Qxg6 {[%csl Ge4][%cal Rg6h7]} Qh4 38. Qg4 Qh6 39. Bf3 Be5 40. Re1 Rg8 41. Qh5 ({Not} 41. Rxe5 $2 Rxg4 42. Bxg4 Qc6+ 43. Kg1 Qc1+ 44. Kg2 Qb2+ 45. Re2 Qxb3 $19) 41... Qxh5 42. Bxh5 {[%mdl 4096] Endgame KRB-KRB} Bc3 43. Re3 b4 44. Bg4 Kg7 45. Kg2 Kh6 46. Re6+ Rg6 47. Re8 Rd6 48. Kf3 Rd3+ 49. Ke4 Rd4+ 50. Ke3 Rd5 51. Rc8 Kg5 52. Rg8+ Kh4 53. Rg6 Rd8 54. Rc6 Re8+ 55. Kf3 Rf8+ 56. Ke4 Re8+ 57. Kd5 Re5+ 58. Kd6 Kg3 59. Be6 Re4 60. Rc8 Rd4+ 61. Ke7 Rf4 62. Bg4 Kh4 63. Be6 1/2-1/2

[Event "EIWCC 2017"]
[Site "Riga"]
[Date "2017.04.16"]
[Round "6"]
[White "Bodnaruk, Anastasia"]
[Black "Doluhanova, Evgeniya"]
[Result "1-0"]
[WhiteElo "2446"]
[BlackElo "2287"]
[Annotator "TA"]
[PlyCount "97"]
[EventDate "2017.??.??"]
[EventType "swiss"]
[EventCountry "LAT"]
[SourceTitle "playchess.com"]
[Source "ChessBase"]
[SourceQuality "1"]

{[%evp 18,97,37,41,45,44,40,46,41,41,42,44,60,45,49,46,65,14,20,19,21,0,15,10,36,0,0,0,0,-14,-14,-14,-14,-14,-14,-18,-21,-20,-25,-25,-15,-18,-12,-18,-14,-13,-2,-9,0,-112,-128,-124,0,0,0,0,0,-160,470,461,583,602,600,584,570,570,733,737,822,804,1539,1427,29969,29970,29967,29968,6203,6095,29967,29963,29940,8904]} 1. e4 c5 2. Nf3 Nc6 3. d4 cxd4 4. Nxd4 e5 5. Nb5 {[%cal Bd4b5,Bb5a3,Ba3c4,Bc4e3][%mdl 32]} d6 6. N1c3 a6 7. Na3 Be7 8. Nc4 b5 {B32: Sicilian: Löwenthal and Kalashnikov Variations} 9. Ne3 Nf6 10. g3 {LiveBook: 145 Games} Nd4 {White is slightly better.} (10... O-O 11. Bg2 b4 12. Ncd5 Nxd5 13. Nxd5 Bg5 14. Bxg5 Qxg5 15. O-O Be6 16. Nc7 {½-½ (34) Morozevich,A (2711)-Moiseenko,A (2692) Berlin 2015}) 11. Bg2 Be6 12. Ncd5 $146 (12. O-O Qc8 13. a4 b4 14. Ne2 Nxe2+ 15. Qxe2 Qc6 16. f4 Rc8 17. b3 {0-1 (51) Guerrero,J (2227)-Munoz Pantoja,M (2457) Sitges 2013}) 12... Nxd5 13. Nxd5 Bxd5 14. exd5 b4 15. c3 bxc3 16. bxc3 Nb5 17. Bb2 (17. a4 $14 Nc7 18. c4) 17... O-O 18. O-O Rb8 19. Qe2 Qb6 20. Rfb1 Rfc8 21. Be4 Qc5 22. Bf5 Rd8 (22... Qxd5 23. Bxc8 Rxc8 24. Qg4 $14) 23. Rc1 g6 24. Bd3 Qxd5 25. c4 Nd4 26. cxd5 Nxe2+ 27. Bxe2 {Strongly threatening Ba3.} Rxb2 28. Bxa6 Ra8 $36 {[%mdl 2048] Black has some pressure.} 29. Rc6 Bd8 {And now ...Bb6 would win.} 30. Rxd6 Bb6 31. Bc4 $1 Bxf2+ 32. Kh1 e4 33. Rd7 (33. Rc6 $11 {remains equal.}) 33... Rc8 $1 $17 {[%cal Rc8c4]} 34. Bb3 {[#]} Ra8 (34... e3 $1 $17 35. d6 Rf8) 35. Rc1 {Black should prevent d6.} e3 36. d6 {[%cal Bd5d6,Bd6d7][%mdl 32]} e2 37. Re7 $2 {[#]} ({White should play} 37. Bxf7+ $11 Kh8 38. Re7 (38. Bd5 $2 Rc2 39. Rb1 Rf8 $19) 38... e1=Q+ 39. Rcxe1 Bxe1 40. d7) 37... Bc5 $2 (37... Rf8 $1 $17 {and life is bright. ...Rd2 is the strong threat.} 38. Bc4 e1=Q+ 39. Rcxe1 Bxe1 40. Rxe1 Rd2) 38. Rxc5 $18 {Threatens to win with d7.} ({Weaker is} 38. Bxf7+ Kf8 39. Bc4 (39. Rxc5 Rb1+ 40. Kg2 e1=Q 41. Rxe1 Rxe1 $11) 39... Rab8 40. Rxe2 (40. Rf7+ Ke8 41. Re7+ Kf8 $16) 40... Rxe2 41. Bxe2 Bxd6 $16) 38... Rb1+ 39. Kg2 {Black must now prevent d7.} e1=Q 40. Rxe1 ({Not} 40. Bxf7+ Kf8 41. Rxe1 Rxe1 $11) 40... Rxe1 {[%mdl 4096] Endgame KRR-KRB} 41. d7 Rf8 42. Kf3 Rf1+ 43. Ke4 Rf6 44. Ke5 Ra6 45. Rc8 Ra8 46. Rxa8 Rxa8 47. Bd5 Rd8 48. Kd6 Kf8 49. a4 1-0

[Event "EIWCC 2017"]
[Site "Riga"]
[Date "2017.04.16"]
[Round "6"]
[White "Galliamova, Alisa"]
[Black "Kovanova, Baira"]
[Result "1/2-1/2"]
[WhiteElo "2444"]
[BlackElo "2376"]
[Annotator "TA"]
[PlyCount "133"]
[EventDate "2017.??.??"]
[EventType "swiss"]
[EventCountry "LAT"]
[SourceTitle "playchess.com"]
[Source "ChessBase"]
[SourceQuality "1"]

{[%evp 9,133,-3,-3,-23,-26,-24,-20,-28,-30,-14,6,7,48,46,52,55,50,48,40,48,53,55,51,53,44,47,56,53,67,57,88,65,117,83,97,10,10,19,22,0,31,0,24,0,20,0,46,26,104,93,93,0,58,0,91,30,48,45,36,28,204,0,0,0,22,12,18,-28,-28,-28,-28,-28,-28,-58,-58,-42,-29,-58,-50,-58,-58,-58,-58,-58,-58,-58,-54,-58,-51,-66,-66,-66,-66,-66,-66,-66,-66,-193,-170,-224,-216,-202,-217,-198,-184,-191,-182,-170,-147,-259,-270,-270,-218,-286,-156,-203,-106,-140,0,-155,-125,-123,0,-127,0,-112]} 1. d4 Nf6 2. Nf3 e6 3. Bf4 b6 4. e3 Bb7 5. Bd3 Be7 6. Nc3 {A47: 1 d4 Nf6 2 Nf3 b6: Torre, London and Colle Systems} (6. h3 O-O 7. Nbd2 c5 8. c3 cxd4 9. exd4 d6 10. O-O Nbd7 11. Re1 Re8 12. Bh2 a6 13. a4 Nf8 14. Ng5 Qd7 15. Qe2 Bc6 16. Bxa6 Bxa4 17. Bd3 Bc6 18. Nc4 {1-0 (82) Giri,A (2755)-Tomashevsky,E (2731) Moscow 2016}) 6... Nh5 $146 (6... d6 7. O-O Nbd7 8. Qe2 Nh5 9. Bg3 Nxg3 10. fxg3 d5 11. Rf2 Nf6 12. Ne5 O-O 13. Raf1 {1-0 (28) Carrot,A (1680)-Maestracci,O (1620) Loire 2008}) 7. Bg3 d6 8. Qe2 h6 9. e4 Nxg3 10. hxg3 c5 11. d5 $36 {[%mdl 2048] White has some pressure.} e5 12. Nd1 a6 13. a4 g6 14. g4 Bf6 15. Ne3 Nd7 16. g3 Bg7 17. Kf1 Nf6 18. Kg2 Qd7 19. Nd2 h5 {[%cal Rh5g4]} 20. gxh5 Rxh5 (20... Nxh5 $14 21. c3 Qc7) 21. Rxh5 $16 Nxh5 22. Ra3 (22. Nec4 $16 Qc7 23. Ne3) 22... Bc8 $11 23. Rb3 Qc7 24. Ra3 Qd7 25. Kg1 Bh6 26. c3 Rb8 27. b3 Ra8 28. Ra1 Kd8 (28... Rb8 $11 {remains equal.}) 29. Ndc4 $16 Rb8 30. Nd2 Ra8 31. Ndc4 Rb8 $1 32. Rb1 (32. b4 $16) 32... Nf6 33. b4 cxb4 34. cxb4 Ke7 $2 {[#]} (34... Qc7 $11 {and Black is okay.}) 35. a5 $2 (35. Nxe5 $1 $18 {[%mdl 512]} dxe5 36. Qb2) 35... b5 $1 $11 {[%cal Rb5c4]} 36. Nb6 Qb7 37. Rc1 {Black should prevent Rc6.} Nd7 $1 38. Rc6 Nxb6 39. Rxb6 ({But not} 39. axb6 Bd7 40. Rc1 Qxb6 $17) 39... Qa7 40. Rxb8 Qxb8 41. Nc2 Qc7 42. Qe1 Bg4 {aiming for ...Bf3.} 43. Kg2 Qc8 44. f3 Bh3+ 45. Kf2 Bd7 46. Ke2 Bg5 47. Qf2 Qc3 48. Qe1 Qb3 (48... Qc7 $5 {is more complex.} 49. Kf1 Qd8 50. Kg2 Qc8 51. Kg1 Qh8) 49. g4 Qb2 50. Qa1 Qxa1 51. Nxa1 $15 {[%mdl 4096] Endgame KBB-KBN} Bc1 52. Nc2 Kf6 53. Kd1 (53. Kf2 $1 $15) 53... Bb2 $1 $19 54. Kd2 (54. Ke2 $142) 54... Kg5 55. Ke3 Bc1+ $1 56. Ke2 Kf4 57. Ne1 Bb2 58. Ng2+ Kg3 59. Ne3 (59. Ne1 $17) 59... Bc3 60. Nc2 Kf4 61. Kf2 Bc8 (61... f5 $19 62. gxf5 gxf5) 62. Bf1 Bb7 (62... Bd4+ $19 63. Ke2 (63. Nxd4 exd4 64. Ke2 f6 $17) 63... Bb2) 63. Bh3 Bc8 ({Better is} 63... Bb2 $17 64. Kg2 {[#]} f5 $1 {[%mdl 512]} 65. gxf5 gxf5 66. Bxf5 Bxd5 $1 {[%mdl 512]} 67. exd5 Kxf5) 64. Kg2 $2 (64. Bf1 $1 $11) 64... Bd7 65. Kf2 Bc8 ({Black should try} 65... f6 $17 66. Bf1 Bb2) 66. Kg2 (66. Bf1 $11) 66... Bd7 67. Kf2 1/2-1/2

[Event "EIWCC 2017"]
[Site "Riga"]
[Date "2017.04.16"]
[Round "6"]
[White "Zhukova, Natalia"]
[Black "Khotenashvili, Bela"]
[Result "1/2-1/2"]
[WhiteElo "2438"]
[BlackElo "2445"]
[Annotator "TA"]
[PlyCount "34"]
[EventDate "2017.??.??"]
[EventType "swiss"]
[EventCountry "LAT"]
[SourceTitle "playchess.com"]
[Source "ChessBase"]
[SourceQuality "1"]

{[%evp 7,34,60,72,70,84,95,99,95,100,92,98,62,100,89,102,94,107,106,122,71,59,66,67,71,67,64,72,58,81]} 1. d4 Nf6 2. c4 d6 3. Nc3 Bf5 4. g3 g6 {LiveBook: 3 Games. A53: Old Indian Defence without Nf3} (4... e5 5. d5 Be7 6. Bg2 e4 7. Qc2 O-O 8. Nxe4 Kh8 9. e3 Na6 10. Ne2 Nc5 11. f3 a5 12. Bd2 Bxe4 13. fxe4 {½-½ (65) Kryakvin,D (2547)-Rakhmanov,A (2655) Kolomna 2016}) 5. Bg2 c6 6. e4 Bg4 {White is better.} 7. f3 Bc8 $146 (7... Bd7 8. Bg5 e5 9. Nge2 Bg7 10. Qb3 Qc7 11. d5 Na6 12. Be3 {½-½ (58) Koch,H (2060)-Tran,H Jena 2005}) 8. Be3 Bg7 9. Qd2 Na6 10. Nge2 O-O 11. Rd1 Qc7 12. O-O e5 13. d5 (13. g4 $142) 13... cxd5 $16 14. cxd5 Bd7 15. Rc1 Qa5 16. a3 Rfc8 17. Rc2 h5 1/2-1/2